French : phrasebook and CD / (Record no. 335245)
[ view plain ]
| 000 -LEADER | |
|---|---|
| fixed length control field | 00795nam a22002057a 4500 |
| 005 - DATE AND TIME OF LATEST TRANSACTION | |
| control field | 20170809105326.0 |
| 008 - FIXED-LENGTH DATA ELEMENTS--GENERAL INFORMATION | |
| fixed length control field | 170623b xxu||||| |||| 00| 0 eng d |
| 020 ## - INTERNATIONAL STANDARD BOOK NUMBER | |
| International Standard Book Number | 9781743603697 |
| 050 ## - LIBRARY OF CONGRESS CALL NUMBER | |
| Classification number | PC 2112.5 |
| Item number | .F873 2015 |
| 082 ## - DEWEY DECIMAL CLASSIFICATION NUMBER | |
| Classification number | TR 448 |
| Item number | F87 2015 |
| 245 ## - TITLE STATEMENT | |
| Title | French : phrasebook and CD / |
| 250 ## - EDITION STATEMENT | |
| Edition statement | 3rd edition |
| 260 ## - PUBLICATION, DISTRIBUTION, ETC. (IMPRINT) | |
| Place of publication, distribution, etc | Australia : |
| Name of publisher, distributor, etc | Lonely Planet, |
| Date of publication, distribution, etc | c2015. |
| 300 ## - PHYSICAL DESCRIPTION | |
| Extent | 271 p. : |
| Other physical details | col. illustrations ; |
| Dimensions | 14 cm. + |
| Accompanying material | 1 CD |
| 650 ## - SUBJECT ADDED ENTRY--TOPICAL TERM | |
| Source of heading or term | Library of Congress Subject Headings |
| Topical term or geographic name as entry element | French language |
| Form subdivision | Conversation and phrasebooks |
| General subdivision | English |
| 650 ## - SUBJECT ADDED ENTRY--TOPICAL TERM | |
| Source of heading or term | Library of Congress Subject Headings |
| Topical term or geographic name as entry element | French language |
| Form subdivision | Sound recordings for English speakers |
| 650 ## - SUBJECT ADDED ENTRY--TOPICAL TERM | |
| Source of heading or term | Library of Congress Subject Headings |
| Topical term or geographic name as entry element | French language |
| Form subdivision | Dictionaries |
| General subdivision | English |
| 942 ## - ADDED ENTRY ELEMENTS (KOHA) | |
| Source of classification or shelving scheme | Library of Congress Classification |
| Item type | Books |
| Withdrawn status | Lost status | Source of classification or shelving scheme | Damaged status | Home library | Current library | Shelving location | Date acquired | Cost, normal purchase price | Total Checkouts | Full call number | Barcode | Date last seen | Copy number | Price effective from | Koha item type |
|---|---|---|---|---|---|---|---|---|---|---|---|---|---|---|---|
| Library of Congress Classification | Luxembourg Library | Luxembourg Library | Teachers Reference Section | 06/23/2017 | 0.00 | PC 2112.5 .F873 2015 | 20446 | 06/23/2017 | 1 | 06/23/2017 | Books | ||||
| Library of Congress Classification | Luxembourg Library | Luxembourg Library | Teachers Reference Section | 06/23/2017 | 0.00 | PC 2112.5 .F873 2015 | 20447 | 06/23/2017 | 2 | 06/23/2017 | Books |